| 000 | 00801nam a22002537a 4500 | ||
|---|---|---|---|
| 999 |
_c20907 _d20907 |
||
| 003 | AR-CdUCM | ||
| 008 | 190607b ||||| |||| 00| 0 spa d | ||
| 020 | _a968-29-1173-7 | ||
| 040 |
_aMUNICIPALIDAD PROVINCIAL DEL CUSCO _cBIBLIOTECA MUNICIPAL DEL CUSCO |
||
| 082 |
_a869.103 / _bC26 |
||
| 100 |
_aCárdenas, magolo _931983 |
||
| 245 | _aCelestino y el tren / | ||
| 260 |
_aMéxico : _bSep, _c1986. |
||
| 300 |
_a54 páginas ; _bIlustraciones, _c23 cm. |
||
| 440 |
_aColeccion espiral -- _n6 _943629 |
||
| 500 | _aCuentos | ||
| 505 | _aContenido: Antes de partir -- Hacia México -- El camino de fierro... | ||
| 650 |
_aCuento _94671 |
||
| 650 |
_aNiños _99390 |
||
| 650 |
_aMéxico _918 |
||
| 700 |
_aEcheverría, Alejandro (dibujos) _943630 |
||
| 942 |
_2ddc _cLIBROS |
||
| 945 | _aJavier | ||